000 00577nam a2200181Ia 4500
003 IN-BaIIA
008 211028s9999 xx 000 0 eng d
040 _cIIA Library
080 _a521.9
_bSIM
100 _aDavidson, John
_933522
245 0 _aSIM lite asrtonometric observatory: from earth-like planets to dark matter
_cJohn Davidson
260 _aCalifornia
_bNational Aeronautics and Space Administration
_c2009
300 _axxi, 244p.
650 _aAstrometry
650 _aGalaxies
_91286
650 _aStellar astrophysics
942 _cBK
999 _c17700
_d17700